| 000 | 00370nam a2200145Ia 4500 | ||
|---|---|---|---|
| 008 | 151213s9999 xx 000 0 und d | ||
| 100 | _aC.M.Bowra | ||
| 245 |
_aThe Romantic Imagination Maurice Bowra _cC.M.Bowra |
||
| 260 |
_aLondon _bOxford University _c1988 |
||
| 300 | _a2129 p. | ||
| 650 | _aEnglish | ||
| 650 | _aEnglish | ||
| 700 | _aC.M.Bowra | ||
| 999 |
_c1568 _d1568 |
||